| 000 | 00512nam a2200217Ia 4500 | ||
|---|---|---|---|
| 005 | 20251020182456.0 | ||
| 008 | 200515s9999 xx 000 0 und d | ||
| 082 | _a624.038.16/C65 | ||
| 110 | _aCobbers, Arnt ; Jahn, Oliver ; Gössel, Peter (Ed.) | ||
| 245 | 0 | _aPREFAB HOUSES | |
| 260 | _aLos Angeles | ||
| 260 | _bTaschen | ||
| 260 | _cs.a. | ||
| 300 | _a387 p. | ||
| 300 | _bil., col., graf. | ||
| 500 | _a1 ejemplar | ||
| 650 | _aCASAS | ||
| 650 | _aPREFABRICADOS | ||
| 942 | _cLIB | ||
| 999 |
_c999 _d999 |
||